000
00306nam a22001337a 4500
008
181205b xxu||||| |||| 00| 0 eng d
020
_a
9780673380029
041
_a
eng
080
_2
2 TH
_a
159.9
100
_a
49
101
_a
PSI
245
_a
Psychology An Introduction
_c
Gerow.j r
942
_2
udc
_c
BK
999
_c
52908
_d
52908